[Event "Bezirksliga Oberbayern 1819"]
[Site "Bayern"]
[Date "2019.04.07"]
[Round "9.5"]
[White "Azemovic, Almir"]
[Black "Kern, Bernhard"]
[Result "1-0"]
[WhiteElo "2041"]
[BlackElo "1987"]
[PlyCount "71"]
[EventDate "2018.10.21"]
[EventType "team-tourn"]
[EventRounds "9"]
[EventCountry "GER"]
[SourceTitle "EXT 2022"]
[Source "ChessBase"]
[SourceDate "2021.10.06"]
[SourceVersion "1"]
[SourceVersionDate "2021.10.06"]
[SourceQuality "1"]
[WhiteTeam "Moosburg SC"]
[BlackTeam "Germering"]
[WhiteTeamCountry "GER"]
[BlackTeamCountry "GER"]

1. e4 c5 2. Nf3 d6 3. d4 cxd4 4. Nxd4 e5 5. Nb3 Nf6 6. Nc3 Be7 7. Be2 0-0 8. Be3 a5 9. a4 Be6 10. Nd5 Nxd5 11. exd5 Bf5 12. Nd2 Bg6 13. Nc4 Nd7 14. Qd2 f5 15. f3 f4 16. Bf2 e4 17. fxe4 Bxe4 18. Bf3 Bxf3 19. gxf3 Ne5 20. Nxe5 dxe5 21. 0-0-0 Bd6 22. Qd3 Qd7 23. Qb3 Rfc8 24. Kb1 Qc7 25. Rhe1 b5 26. axb5 a4 27. Qd3 a3 28. b6 Qb7 29. b3 a2+ 30. Ka1 Bb4 31. c4 Bxe1 32. Rxe1 Rd8 33. Rxe5 Re8 34. Qe4 Rxe5 35. Qxe5 Qf7 36. Qe6 1-0

[Event "Regionalliga Sued-Ost 1718"]
[Site "Bayern"]
[Date "2018.03.18"]
[Round "8.6"]
[White "Guggenberger, Guido"]
[Black "Kern, Bernhard"]
[Result "1/2-1/2"]
[WhiteElo "1973"]
[BlackElo "1987"]
[PlyCount "92"]
[EventDate "2017.10.22"]
[EventType "team-tourn"]
[EventRounds "9"]
[EventCountry "GER"]
[SourceTitle "EXT 2022"]
[Source "ChessBase"]
[SourceDate "2021.10.06"]
[SourceVersion "1"]
[SourceVersionDate "2021.10.06"]
[SourceQuality "1"]
[WhiteTeam "Tegernsee TV"]
[BlackTeam "Germering"]
[WhiteTeamCountry "GER"]
[BlackTeamCountry "GER"]

1. d4 g6 2. c4 Bg7 3. Nc3 c5 4. d5 Bxc3+ 5. bxc3 Qa5 6. Qc2 f5 7. e4 fxe4 8. f3 Nf6 9. Bd2 e3 10. Bxe3 d6 11. Bd3 Nbd7 12. f4 b5 13. cxb5 Nb6 14. Ne2 Nfxd5 15. Bd2 c4 16. Bxg6+ hxg6 17. Qxg6+ Kd8 18. Qg7 Re8 19. h4 Bd7 20. g4 Kc7 21. g5 Rh8 22. h5 Rag8 23. Qd4 Qxb5 24. h6 Bf5 25. Ng3 Qd7 26. a4 a5 27. Kf2 Bd3 28. Rag1 Qg4 29. f5 Bxf5 30. Qxg4 Bxg4 31. Rh4 Bd7 32. Nf1 Bf5 33. Be3 Bd3 34. Bd2 e5 35. Rh3 Bg6 36. Nh2 Rf8+ 37. Ke1 Nf4 38. Bxf4 Rxf4 39. Ng4 Nxa4 40. Nf6 Kc6 41. h7 Nc5 42. Rh6 Bd3 43. g6 Rb8 44. h8Q Rb1+ 45. Kd2 Rb2+ 46. Kc1 Rb1+ 1/2-1/2

[Event "Regionalliga Sued-Ost 1718"]
[Site "Bayern"]
[Date "2017.12.10"]
[Round "4.6"]
[White "Probst, Albert"]
[Black "Kern, Bernhard"]
[Result "1-0"]
[WhiteElo "1975"]
[BlackElo "1987"]
[PlyCount "75"]
[EventDate "2017.10.22"]
[EventType "team-tourn"]
[EventRounds "9"]
[EventCountry "GER"]
[SourceTitle "EXT 2022"]
[Source "ChessBase"]
[SourceDate "2021.10.06"]
[SourceVersion "1"]
[SourceVersionDate "2021.10.06"]
[SourceQuality "1"]
[WhiteTeam "Bruckmuehl SK"]
[BlackTeam "Germering"]
[WhiteTeamCountry "GER"]
[BlackTeamCountry "GER"]

1. f4 Nf6 2. Nf3 c5 3. b3 g6 4. Bb2 Bg7 5. e3 0-0 6. Be2 Nc6 7. Ne5 d5 8. Nxc6 bxc6 9. 0-0 d4 10. Bf3 Nd5 11. e4 Nxf4 12. d3 e5 13. Nd2 a5 14. a4 Bh6 15. Nc4 f6 16. Bc1 Be6 17. Kh1 Bxc4 18. bxc4 Bg7 19. Bxf4 exf4 20. Bg4 h5 21. Bh3 Qd6 22. Qd2 Bh6 23. Rab1 Rfb8 24. g3 Rb4 25. gxf4 Bxf4 26. Qg2 Bg5 27. e5 Qxe5 28. Rbe1 Qc7 29. Re6 Rb6 30. Qe4 Kf7 31. Rexf6+ Bxf6 32. Qe6+ Kg7 33. Rxf6 Kh8 34. Rxg6 Rb1+ 35. Kg2 Qf4 36. Rh6+ Kg7 37. Qg6+ Kf8 38. Rh8+ 1-0

[Event "Regionalliga SO 1617"]
[Site "Bayern"]
[Date "2017.04.02"]
[Round "8.7"]
[White "Penn, Peter"]
[Black "Kern, Bernhard"]
[Result "0-1"]
[WhiteElo "1897"]
[BlackElo "1960"]
[PlyCount "68"]
[EventDate "2016.10.16"]
[EventType "team-tourn"]
[EventRounds "9"]
[EventCountry "GER"]
[SourceTitle "EXT 2019"]
[Source "ChessBase"]
[SourceDate "2018.10.10"]
[SourceVersion "1"]
[SourceVersionDate "2018.10.10"]
[SourceQuality "1"]
[WhiteTeam "Trostberg"]
[BlackTeam "Germering"]
[WhiteTeamCountry "GER"]
[BlackTeamCountry "GER"]

1. d4 g6 2. c4 Bg7 3. Nf3 c5 4. d5 b5 5. cxb5 a6 6. bxa6 Bxa6 7. g3 d6 8. Nc3 Nd7 9. Bg2 Ngf6 10. 0-0 0-0 11. Rb1 Qa5 12. Qc2 Nb6 13. Rd1 Bb7 14. Nh4 Rfb8 15. b3 Ne8 16. Bd2 Nc7 17. a4 Na6 18. Na2 Nb4 19. Nxb4 cxb4 20. e4 Rc8 21. Qd3 Ba6 22. Qe3 Rc2 23. Rbc1 Rac8 24. Qe1 Rxc1 25. Rxc1 Rxc1 26. Qxc1 Bc3 27. Bh3 Nxa4 28. bxa4 Bxd2 29. Qc2 Bc3 30. Bf1 Bxf1 31. Kxf1 Qa6+ 32. Kg1 Qc4 33. Ng2 b3 34. Qb1 Bd2 0-1

[Event "Regionalliga SO 1617"]
[Site "Bayern"]
[Date "2017.02.19"]
[Round "6.8"]
[White "Kern, Bernhard"]
[Black "Nakamura, Lukas Mikio"]
[Result "1/2-1/2"]
[WhiteElo "1960"]
[BlackElo "1855"]
[PlyCount "84"]
[EventDate "2016.10.16"]
[EventType "team-tourn"]
[EventRounds "9"]
[EventCountry "GER"]
[SourceTitle "EXT 2019"]
[Source "ChessBase"]
[SourceDate "2018.10.10"]
[SourceVersion "1"]
[SourceVersionDate "2018.10.10"]
[SourceQuality "1"]
[WhiteTeam "Germering"]
[BlackTeam "Groebenzell II"]
[WhiteTeamCountry "GER"]
[BlackTeamCountry "GER"]

1. d4 Nf6 2. c4 g6 3. Nc3 Bg7 4. e4 d6 5. Be2 0-0 6. Bg5 h6 7. Be3 e5 8. d5 a5 9. g4 Nfd7 10. h4 Na6 11. h5 g5 12. Nh3 Ndc5 13. f3 Bd7 14. Nf2 a4 15. Rb1 b6 16. 0-0 Qb8 17. Qd2 Bf6 18. Rfe1 Qb7 19. b4 axb3 20. axb3 Nb4 21. Nb5 Nca6 22. Ra1 Be7 23. Ra4 c6 24. dxc6 Bxc6 25. Rea1 Rfd8 26. Rc1 Be8 27. Rxb4 Nxb4 28. Qxb4 d5 29. Qe1 d4 30. Bd2 Rdc8 31. Nd3 f6 32. Bb4 Ra2 33. Kf1 Kg7 34. Bxe7 Qxe7 35. Nb4 Rxe2 36. Kxe2 Bxb5 37. Ra1 Bc6 38. Ra6 Qb7 39. Qa1 Ra8 40. Rxa8 Qxa8 41. Qxa8 Bxa8 42. Kd2 Kf7 1/2-1/2

[Event "Regionalliga SO 1516"]
[Site "Bayern"]
[Date "2016.03.13"]
[Round "8.7"]
[White "Soergel, Thomas"]
[Black "Kern, Bernhard"]
[Result "1/2-1/2"]
[WhiteElo "2009"]
[BlackElo "1960"]
[PlyCount "50"]
[EventDate "2015.10.11"]
[EventType "team-tourn"]
[EventRounds "9"]
[EventCountry "GER"]
[SourceTitle "EXT 2018"]
[Source "ChessBase"]
[SourceDate "2017.10.13"]
[SourceVersion "1"]
[SourceVersionDate "2017.10.13"]
[SourceQuality "1"]
[WhiteTeam "Graefelfing"]
[BlackTeam "Germering"]
[WhiteTeamCountry "GER"]
[BlackTeamCountry "GER"]

1. c4 g6 2. Nc3 Bg7 3. g3 Nf6 4. Bg2 0-0 5. Nf3 d5 6. cxd5 Nxd5 7. 0-0 c5 8. Qb3 Nb6 9. d3 Nc6 10. Be3 Nd4 11. Bxd4 cxd4 12. Ne4 Be6 13. Qb4 Bd5 14. Rfd1 Bc6 15. Qa5 Nd5 16. Qxd8 Rfxd8 17. Ned2 Rac8 18. Nb3 Nb6 19. Na5 Bd5 20. b3 Bh6 21. Nc4 Na8 22. a4 Nc7 23. Ra2 Na6 24. Rb2 Nb4 25. Bh3 e6 1/2-1/2

[Event "Regionalliga SO 1516"]
[Site "Bayern"]
[Date "2016.01.31"]
[Round "6.7"]
[White "Kern, Bernhard"]
[Black "Poelt, Christoph"]
[Result "1/2-1/2"]
[WhiteElo "1960"]
[BlackElo "1875"]
[PlyCount "96"]
[EventDate "2015.10.11"]
[EventType "team-tourn"]
[EventRounds "9"]
[EventCountry "GER"]
[SourceTitle "EXT 2018"]
[Source "ChessBase"]
[SourceDate "2017.10.13"]
[SourceVersion "1"]
[SourceVersionDate "2017.10.13"]
[SourceQuality "1"]
[WhiteTeam "Germering"]
[BlackTeam "Tegernsee"]
[WhiteTeamCountry "GER"]
[BlackTeamCountry "GER"]

1. d4 d5 2. c4 e6 3. Nc3 Nf6 4. cxd5 exd5 5. Bg5 Nbd7 6. e3 c6 7. Bd3 Be7 8. Qc2 Nh5 9. Bxe7 Qxe7 10. Nge2 g6 11. 0-0-0 Nb6 12. h3 Bd7 13. Kb1 0-0-0 14. Nc1 Kb8 15. Nb3 Ng7 16. Nc5 Bf5 17. Rhe1 Bxd3 18. Qxd3 f5 19. Rc1 Ne6 20. Nb3 Rhf8 21. Nd2 Ng5 22. f3 Qd7 23. a4 Ne6 24. a5 Nc8 25. Na4 Nd6 26. Nb3 Nb5 27. Nc3 Nd6 28. Na4 Nb5 29. Nac5 Qd6 30. Qc2 a6 31. f4 Rde8 32. Nd3 Re7 33. Ne5 Rfe8 34. g4 fxg4 35. hxg4 Nd8 36. Nc5 Nc7 37. g5 Nce6 38. Ncd3 Ng7 39. Qb3 Nge6 40. Ng4 Rh8 41. Nf6 h5 42. Ne5 Nf8 43. Qb6 Nd7 44. Nfxd7+ Rxd7 45. Nxd7+ Qxd7 46. Qb3 Re8 47. Qd3 Re4 48. Rc3 Nf7 1/2-1/2

[Event "Regionalliga SO 1415"]
[Site "Bayern"]
[Date "2015.02.22"]
[Round "7.8"]
[White "Kern, Bernhard"]
[Black "Penn, Peter"]
[Result "1/2-1/2"]
[WhiteElo "1960"]
[BlackElo "1897"]
[PlyCount "73"]
[EventDate "2014.10.19"]
[EventType "team-tourn"]
[EventRounds "9"]
[EventCountry "GER"]
[SourceTitle "EXT 2018"]
[Source "ChessBase"]
[SourceDate "2017.10.13"]
[SourceVersion "1"]
[SourceVersionDate "2017.10.13"]
[SourceQuality "1"]
[WhiteTeam "Germering"]
[BlackTeam "Trostberg"]
[WhiteTeamCountry "GER"]
[BlackTeamCountry "GER"]

1. d4 Nf6 2. c4 e6 3. g3 d5 4. Bg2 Be7 5. Nf3 0-0 6. 0-0 b6 7. Nc3 Bb7 8. Bg5 Nbd7 9. Rc1 c5 10. dxc5 bxc5 11. cxd5 exd5 12. Na4 Ne4 13. Bxe7 Qxe7 14. Nd2 Rab8 15. Nxe4 dxe4 16. Qc2 e3 17. f3 Bc6 18. Nxc5 Rfc8 19. Nd3 Bb5 20. Qxc8+ Rxc8 21. Rxc8+ Nf8 22. Rd1 g5 23. f4 Kg7 24. Rc5 Bxd3 25. Rxg5+ Bg6 26. Re5 Qc7 27. Rxe3 Qc2 28. Rd5 Qxb2 29. Bf3 Ne6 30. f5 Qb1+ 31. Kg2 Bxf5 32. Ree5 Bg6 33. h4 Qxa2 34. Ra5 Qb2 35. Reb5 Qd2 36. Rd5 Qb2 37. Rdb5 1/2-1/2

[Event "Regionalliga SO 1415"]
[Site "Bayern"]
[Date "2014.12.07"]
[Round "4.8"]
[White "Uhl, Enno"]
[Black "Kern, Bernhard"]
[Result "0-1"]
[WhiteElo "1488"]
[BlackElo "1960"]
[PlyCount "50"]
[EventDate "2014.10.19"]
[EventType "team-tourn"]
[EventRounds "9"]
[EventCountry "GER"]
[SourceTitle "EXT 2018"]
[Source "ChessBase"]
[SourceDate "2017.10.13"]
[SourceVersion "1"]
[SourceVersionDate "2017.10.13"]
[SourceQuality "1"]
[WhiteTeam "Landshut"]
[BlackTeam "Germering"]
[WhiteTeamCountry "GER"]
[BlackTeamCountry "GER"]

1. d4 Nf6 2. Bg5 c5 3. Bxf6 exf6 4. Nf3 Qb6 5. b3 cxd4 6. Nxd4 Nc6 7. e3 Bc5 8. c3 d5 9. Nd2 0-0 10. Bd3 Nxd4 11. cxd4 Ba3 12. 0-0 Be6 13. f4 Bb2 14. Rb1 Bxd4 15. Bxh7+ Kxh7 16. exd4 Qxd4+ 17. Rf2 g6 18. g4 Kg7 19. h3 Rh8 20. Qf3 Rac8 21. f5 Bd7 22. Qf4 Qxf4 23. Rxf4 Rxh3 24. Rbf1 g5 25. Kg2 Rch8 0-1

[Event "Landesliga Sued 1213"]
[Site "Bayern"]
[Date "2013.04.14"]
[Round "9.6"]
[White "Guggenberger, Guido"]
[Black "Kern, Bernhard"]
[Result "1-0"]
[WhiteElo "1916"]
[BlackElo "2020"]
[PlyCount "81"]
[EventDate "2012.10.14"]
[EventType "team-tourn"]
[EventRounds "9"]
[EventCountry "GER"]
[SourceTitle "EXT 2015"]
[Source "ChessBase"]
[SourceDate "2014.11.20"]
[SourceVersion "1"]
[SourceVersionDate "2014.11.20"]
[SourceQuality "1"]
[WhiteTeam "Muenchen Tarrasch II"]
[BlackTeam "Germering"]
[WhiteTeamCountry "GER"]
[BlackTeamCountry "GER"]

1. d4 Nf6 2. c4 g6 3. Nc3 Bg7 4. e4 0-0 5. Be2 c5 6. d5 d6 7. Bg5 h6 8. Be3 e6 9. Qd2 exd5 10. exd5 Kh7 11. Nf3 Ng4 12. Bf4 f5 13. h3 Ne5 14. 0-0-0 Nf7 15. Rdg1 Nd7 16. g4 g5 17. Bh2 Nde5 18. Nxe5 Nxe5 19. f4 gxf4 20. Bxf4 Ng6 21. Bh2 Bd4 22. Rf1 Qe7 23. Kb1 a6 24. Bd3 Ne5 25. gxf5 Qh4 26. f6+ Kh8 27. Ne4 Nxc4 28. Bxc4 Qxe4+ 29. Bd3 Qh4 30. Bxd6 Rxf6 31. Rxf6 Qxf6 32. Bf4 Bf5 33. Rf1 Bxd3+ 34. Qxd3 Rf8 35. Be5 Bxe5 36. Rxf6 Rxf6 37. Qe2 Bd4 38. Qe8+ Kg7 39. Qd7+ Rf7 40. Qg4+ Kf8 41. d6 1-0

[Event "Landesliga Sued 1213"]
[Site "Bayern"]
[Date "2013.01.13"]
[Round "5.6"]
[White "Stahs, Uwe"]
[Black "Kern, Bernhard"]
[Result "0-1"]
[WhiteElo "1868"]
[BlackElo "2020"]
[PlyCount "118"]
[EventDate "2012.10.14"]
[EventType "team-tourn"]
[EventRounds "9"]
[EventCountry "GER"]
[SourceTitle "EXT 2015"]
[Source "ChessBase"]
[SourceDate "2014.11.20"]
[SourceVersion "1"]
[SourceVersionDate "2014.11.20"]
[SourceQuality "1"]
[WhiteTeam "Weilheim"]
[BlackTeam "Germering"]
[WhiteTeamCountry "GER"]
[BlackTeamCountry "GER"]

1. d4 Nf6 2. Nf3 g6 3. Bf4 Bg7 4. e3 0-0 5. Be2 d6 6. c3 Nbd7 7. Nbd2 Re8 8. Bg3 e5 9. dxe5 dxe5 10. Qc2 Nc5 11. e4 Nh5 12. b4 Ne6 13. 0-0 Nef4 14. Bc4 Be6 15. Rfd1 Qe7 16. Bh4 f6 17. Bf1 Qf7 18. Ne1 Bh6 19. f3 a5 20. a4 Red8 21. Bf2 Rd7 22. g3 Nh3+ 23. Bxh3 Bxh3 24. Nb3 axb4 25. cxb4 Rad8 26. Rxd7 Qxd7 27. Nc5 Qc8 28. Rd1 Rd6 29. Rxd6 cxd6 30. Qb3+ Kf8 31. Ncd3 Be6 32. Qa3 Kf7 33. b5 Bf8 34. Qc1 Qxc1 35. Nxc1 Bh6 36. Ned3 Bc4 37. Nb2 Be6 38. Ncd3 f5 39. Bb6 fxe4 40. fxe4 Nf6 41. Nf2 Bc1 42. Nbd3 Bd2 43. Bd8 Bb3 44. a5 Be6 45. a6 bxa6 46. bxa6 Bc8 47. a7 Bb7 48. Bxf6 Kxf6 49. Kf1 Ke6 50. Ke2 Ba5 51. Kf3 Bb6 52. Nd1 d5 53. exd5+ Kxd5 54. Ne3+ Kd4+ 55. Ke2 Bxa7 56. Nf2 e4 57. Nc2+ Kc3 58. Na3 Ba6+ 59. Ke1 Bxf2+ 0-1

[Event "Regionalliga SO 1112"]
[Site "Bayern"]
[Date "2012.03.18"]
[Round "8.7"]
[White "Jagdhuber, Rudi"]
[Black "Kern, Bernhard"]
[Result "1/2-1/2"]
[WhiteElo "1912"]
[BlackElo "1980"]
[PlyCount "42"]
[EventDate "2011.10.02"]
[EventType "team-tourn"]
[EventRounds "9"]
[EventCountry "GER"]
[SourceTitle "EXT 2015"]
[Source "ChessBase"]
[SourceDate "2014.11.20"]
[SourceVersion "1"]
[SourceVersionDate "2014.11.20"]
[SourceQuality "1"]
[WhiteTeam "Waldkraiburg"]
[BlackTeam "Unterpfaffenhofen"]
[WhiteTeamCountry "GER"]
[BlackTeamCountry "GER"]

1. d4 Nf6 2. Nf3 g6 3. c4 Bg7 4. Nc3 0-0 5. e4 c5 6. d5 d6 7. Be2 e6 8. 0-0 exd5 9. cxd5 a6 10. a4 Bg4 11. Nd2 Bxe2 12. Qxe2 Re8 13. Nc4 Qc7 14. Bf4 Bf8 15. Qc2 Nh5 16. Bg3 Nd7 17. Rae1 Rab8 18. a5 b5 19. axb6 Nxb6 20. Nxb6 Rxb6 21. f3 Reb8 1/2-1/2

[Event "Regionalliga SO 1112"]
[Site "Bayern"]
[Date "2012.02.26"]
[Round "7.7"]
[White "Kern, Bernhard"]
[Black "Olbrich, Joachim"]
[Result "1-0"]
[WhiteElo "1980"]
[BlackElo "2009"]
[PlyCount "161"]
[EventDate "2011.10.02"]
[EventType "team-tourn"]
[EventRounds "9"]
[EventCountry "GER"]
[SourceTitle "EXT 2015"]
[Source "ChessBase"]
[SourceDate "2014.11.20"]
[SourceVersion "1"]
[SourceVersionDate "2014.11.20"]
[SourceQuality "1"]
[WhiteTeam "Unterpfaffenhofen"]
[BlackTeam "Graefelfing"]
[WhiteTeamCountry "GER"]
[BlackTeamCountry "GER"]

1. d4 d5 2. c4 e6 3. Nc3 Nf6 4. cxd5 exd5 5. Bg5 Be7 6. e3 0-0 7. Bd3 c6 8. Qc2 Nbd7 9. Nf3 Re8 10. h3 Nf8 11. 0-0 a5 12. Ne5 N6d7 13. Bf4 Nxe5 14. Bxe5 Bd6 15. f4 Be7 16. f5 Bg5 17. Rae1 f6 18. Bf4 Bxf4 19. Rxf4 Qd6 20. Qf2 Bd7 21. e4 Rad8 22. Rf3 Kh8 23. e5 fxe5 24. Qg3 g6 25. dxe5 Qc5+ 26. Kh2 gxf5 27. Bxf5 Bxf5 28. Rxf5 Ng6 29. Rf7 Re7 30. Rf5 Qd4 31. Rg5 Rf8 32. Ne2 Qf2 33. Qc3 c5 34. Ng3 Nh4 35. Nh1 Qf4+ 36. Qg3 Qxg3+ 37. Kxg3 Nf5+ 38. Kh2 Ng7 39. e6 Rd8 40. Rd1 Nxe6 41. Rgxd5 Rxd5 42. Rxd5 Kg7 43. Ng3 Rc7 44. Nf5+ Kf8 45. Kg3 b5 46. Kf3 a4 47. Ke4 Rc6 48. Ke5 Ng5 49. Rd8+ Kf7 50. Rd7+ Ke8 51. Re7+ Kf8 52. Rb7 b4 53. Kd5 Rc8 54. Nd6 Rd8 55. Ke5 c4 56. h4 c3 57. bxc3 Rxd6 58. Kxd6 Ne4+ 59. Kd5 Nxc3+ 60. Kc4 Nxa2 61. Ra7 b3 62. Rxa4 Nc1 63. Ra7 Kg8 64. Rb7 h6 65. h5 Kh8 66. Kc3 Ne2+ 67. Kxb3 Nf4 68. g4 Nd3 69. Kc4 Ne5+ 70. Kd5 Nxg4 71. Ke6 Ne3 72. Kf6 Nd5+ 73. Kg6 Nf4+ 74. Kxh6 Kg8 75. Kg5 Ne6+ 76. Kf6 Nf4 77. h6 Kh8 78. Rd7 Ng2 79. Rd2 Nh4 80. Rd4 Nf3 81. Rf4 1-0

[Event "Regionalliga SO 1112"]
[Site "Bayern"]
[Date "2012.01.15"]
[Round "5.7"]
[White "Tauber, Rainer"]
[Black "Kern, Bernhard"]
[Result "0-1"]
[WhiteElo "1924"]
[BlackElo "1980"]
[PlyCount "162"]
[EventDate "2011.10.02"]
[EventType "team-tourn"]
[EventRounds "9"]
[EventCountry "GER"]
[SourceTitle "EXT 2013"]
[Source "ChessBase"]
[SourceDate "2012.11.22"]
[SourceVersion "1"]
[SourceVersionDate "2012.11.22"]
[SourceQuality "1"]
[WhiteTeam "Deggendorf"]
[BlackTeam "Unterpfaffenhofen"]
[WhiteTeamCountry "GER"]
[BlackTeamCountry "GER"]

1. e4 c5 2. Nf3 d6 3. Bb5+ Nd7 4. d4 cxd4 5. Qxd4 e5 6. Qd3 h6 7. Nc3 Ngf6 8. Nh4 a6 9. Bxd7+ Bxd7 10. 0-0 Rc8 11. Re1 Be7 12. Nf5 Bxf5 13. exf5 0-0 14. a4 Qc7 15. Bd2 Rfd8 16. Qg3 Kh7 17. a5 Re8 18. Qf3 d5 19. Nxd5 Nxd5 20. Qxd5 Red8 21. Qe4 Qxc2 22. Bc3 Qxe4 23. Rxe4 f6 24. Kf1 Rd5 25. Ke2 Rcd8 26. Rc4 R8d7 27. Rc8 h5 28. h3 Bd8 29. Ra4 Kh6 30. g4 Rd3 31. f3 R3d5 32. Rac4 Rd1 33. Rb8 Kg5 34. Be1 hxg4 35. hxg4 g6 36. fxg6 Kxg6 37. Rbc8 R1d3 38. Bc3 R3d5 39. R4c5 Rd3 40. Rc4 f5 41. gxf5+ Kxf5 42. R4c5 R3d5 43. Ke3 Rd3+ 44. Ke2 R7d5 45. Kf2 Ke6 46. Ke2 Kd7 47. b4 Ke6 48. Rxd5 Rxd5 49. Ke3 Be7 50. Ke4 Rb5 51. Rc4 Bd6 52. Be1 Rd5 53. Bc3 Rd1 54. Rc8 Rc1 55. Rc4 Rb1 56. Bd2 Rb3 57. Bc3 Rb1 58. Bd2 Rh1 59. Be3 Re1 60. Kd3 Kd5 61. Bd2 Rd1 62. Re4 Rf1 63. Ke2 Rb1 64. Kd3 Rb3+ 65. Bc3 Rb1 66. Rh4 Rf1 67. Ke2 Rg1 68. Re4 Rg2+ 69. Kd3 Rh2 70. Rg4 Rh3 71. Ke2 Rh1 72. Re4 Rh3 73. Ke3 Rh7 74. Kd3 Rf7 75. Ke2 Rf5 76. Rg4 Rh5 77. Re4 Bf8 78. Rg4 Bh6 79. Re4 Bf4 80. Be1 Rh2+ 81. Kd3 Rg2 0-1

[Event "Regionalliga SO 1011"]
[Site "Bayern"]
[Date "2011.04.10"]
[Round "9.5"]
[White "Kern, Bernhard"]
[Black "Grimm, Markus"]
[Result "0-1"]
[WhiteElo "1982"]
[BlackElo "1858"]
[PlyCount "64"]
[EventDate "2010.10.10"]
[EventType "team-tourn"]
[EventRounds "9"]
[EventCountry "GER"]
[SourceTitle "EXT 2012"]
[Source "ChessBase"]
[SourceDate "2011.11.24"]
[SourceVersion "1"]
[SourceVersionDate "2011.11.24"]
[SourceQuality "1"]
[WhiteTeam "Unterpfaff Germering"]
[BlackTeam "Straubing"]
[WhiteTeamCountry "GER"]
[BlackTeamCountry "GER"]

1. d4 Nf6 2. c4 e6 3. Nc3 d5 4. Bg5 Be7 5. e3 c6 6. Nf3 Nbd7 7. Qc2 h6 8. Bf4 dxc4 9. Bxc4 Nb6 10. Bb3 Nbd5 11. Be5 0-0 12. 0-0 Ng4 13. Rad1 Nxe5 14. dxe5 Qa5 15. Ne4 b6 16. a3 Ba6 17. Rfe1 Rac8 18. Rd4 b5 19. Nc5 Bxc5 20. Qxc5 Qb6 21. Rc1 Bb7 22. Nd2 Qxc5 23. Rxc5 Rfd8 24. Ne4 Ba8 25. Nd6 Rb8 26. g3 Nb6 27. Rc2 Nd7 28. f4 c5 29. Rd1 c4 30. Rcd2 cxb3 31. Nxf7 Kxf7 32. Rxd7+ Ke8 0-1

[Event "Regionalliga SO 1011"]
[Site "Bayern"]
[Date "2011.01.16"]
[Round "5.5"]
[White "Renner, Adrian"]
[Black "Kern, Bernhard"]
[Result "0-1"]
[WhiteElo "1879"]
[BlackElo "1982"]
[PlyCount "72"]
[EventDate "2010.10.10"]
[EventType "team-tourn"]
[EventRounds "9"]
[EventCountry "GER"]
[SourceTitle "EXT 2012"]
[Source "ChessBase"]
[SourceDate "2011.11.24"]
[SourceVersion "1"]
[SourceVersionDate "2011.11.24"]
[SourceQuality "1"]
[WhiteTeam "Pang/Rosenheim II"]
[BlackTeam "Unterpfaff Germering"]
[WhiteTeamCountry "GER"]
[BlackTeamCountry "GER"]

1. Nc3 c5 2. Nf3 Nf6 3. d4 cxd4 4. Nxd4 d6 5. Bg5 e6 6. e4 a6 7. Bd3 Be7 8. Qd2 Nc6 9. Nxc6 bxc6 10. 0-0 h6 11. Be3 Ng4 12. f4 Nxe3 13. Qxe3 Rb8 14. Rab1 d5 15. Qd4 0-0 16. e5 Qa5 17. Qa4 Qc5+ 18. Kh1 Rb4 19. Qa3 a5 20. Ne2 Qa7 21. Qc3 c5 22. Ng3 f5 23. Qd2 c4 24. c3 cxd3 25. cxb4 Bxb4 26. Qxd3 Ba6 27. Qb3 Bxf1 28. Rxf1 Rc8 29. a3 Be7 30. Ne2 Qc5 31. Nc3 Qc4 32. Qd1 d4 33. Ne2 d3 34. Nc1 Rd8 35. Rf2 d2 36. Nb3 Qxb3 0-1

[Event "Regionalliga SO 0910"]
[Site "Bayern"]
[Date "2009.11.29"]
[Round "3.5"]
[White "Kern, Bernhard"]
[Black "Haselbeck, Franz"]
[Result "0-1"]
[WhiteElo "1982"]
[BlackElo "1979"]
[PlyCount "100"]
[EventDate "2009.10.18"]
[EventType "team-tourn"]
[EventRounds "9"]
[EventCountry "GER"]
[SourceTitle "EXT 2011"]
[Source "ChessBase"]
[SourceDate "2010.11.26"]
[SourceVersion "1"]
[SourceVersionDate "2010.11.26"]
[SourceQuality "1"]
[WhiteTeam "Unterpfaffenhofen"]
[BlackTeam "Deggendorf"]
[WhiteTeamCountry "GER"]
[BlackTeamCountry "GER"]

1. d4 Nf6 2. c4 c5 3. d5 e6 4. Nc3 exd5 5. cxd5 d6 6. Nf3 g6 7. g3 Bg7 8. Bg2 0-0 9. 0-0 a6 10. a4 Re8 11. Nd2 Nbd7 12. Nc4 Nb6 13. Na3 Bd7 14. h3 Rb8 15. e4 Qe7 16. a5 Nc8 17. Qd3 Qd8 18. Nc4 Bb5 19. Bg5 h6 20. Bd2 b6 21. Nxb5 axb5 22. Nxb6 Nxb6 23. axb6 c4 24. Qc2 Qxb6 25. Be3 Qd8 26. Ra6 Ra8 27. Rfa1 Rxa6 28. Rxa6 g5 29. Ra7 Re7 30. Ra6 Qb8 31. Bd4 Nd7 32. Bxg7 Kxg7 33. Qc3+ f6 34. Qa5 Nc5 35. Ra8 Qc7 36. Qxc7 Rxc7 37. Rb8 Rb7 38. Rd8 Rb6 39. Bf1 Nxe4 40. Rd7+ Kg6 41. b3 Nc5 42. Rc7 Nxb3 43. Rc6 Rb8 44. Rxd6 Nd4 45. Bg2 Re8 46. Bf1 Kf5 47. Rd7 Ke5 48. Kg2 Nf5 49. Be2 Rc8 50. Bg4 c3 0-1

[Event "Regionalliga SO 0708"]
[Site "Bayern"]
[Date "2008.02.17"]
[Round "6.5"]
[White "Kern, Bernhard"]
[Black "Eizenhammer, Peter"]
[Result "0-1"]
[WhiteElo "2027"]
[BlackElo "2073"]
[PlyCount "66"]
[EventDate "2007.10.21"]
[EventType "team-tourn"]
[EventRounds "9"]
[EventCountry "GER"]
[SourceTitle "EXT 2009"]
[Source "ChessBase"]
[SourceDate "2008.11.26"]
[SourceVersion "1"]
[SourceVersionDate "2008.11.26"]
[SourceQuality "1"]
[WhiteTeam "Germering"]
[BlackTeam "Passau II"]
[WhiteTeamCountry "GER"]
[BlackTeamCountry "GER"]

1. d4 d6 2. e4 Nf6 3. Bd3 e5 4. d5 c6 5. c4 Be7 6. h3 0-0 7. Nc3 Nbd7 8. Nf3 Nh5 9. Bc2 g6 10. Bh6 Ng7 11. g4 Nf6 12. Qd2 cxd5 13. cxd5 b5 14. Ne2 Bd7 15. Ng3 Rc8 16. Nh2 Rc7 17. 0-0 Kh8 18. Be3 Ng8 19. Bd3 f5 20. f4 Bh4 21. Ne2 Nf6 22. fxe5 dxe5 23. Nf3 fxe4 24. Nxh4 exd3 25. Qxd3 Rc8 26. Kg2 Nxd5 27. Rxf8+ Qxf8 28. Rf1 Qe7 29. Bf2 Bc6 30. Kg1 Rf8 31. Qc2 Ba8 32. Bg3 Rxf1+ 33. Kxf1 Ne3+ 0-1